00326nam a22001337a 4500003000400000020001800004082001700022100001600039245005100055250000800106260005100114300001000165650001700175SGT a9789386691422 a616.01bM17N a Nagoba BS  aMicrobiology for Dental Students with 555 MCQs a3RD aNEW DELHI bWolters Kluwer India Pvt Ltdc2017 a1-428 aMicrobiology